Statistics for Cities by Letter and Picture- A

Click here to take the quiz!

General Stats

  • This quiz has been taken 46 times
  • The average score is 8 of 12

Answer Stats

Answer% Correct
Agra
94%
Athens
94%
Amsterdam
91%
Atlanta
85%
Alexandria
68%
Ankara
62%
Austin
59%
Accra
56%
Amman
56%
Abu Dhabi
53%
Albuquerque
41%
Anchorage
12%

Score Distribution

Percentile by Number Answered

Percent of People with Each Score

Your Score History

You have not taken this quiz